00417 a2200181 4500260001100000100001800011260003800029245003400067300001400101650002500115650002300140650001000163650001200173260000900185300001500194130000800209020001800217 aLondon aLEA, A. G. H. bBlackie Academic and Professional aFermented beverage production aXVI-428p. aboisson alcoolisée aproduit fermenté acidre abière c1995 bill. 25 cm lEn. a0-7514-0027-0